000 00338nam a2200145Ia 4500
008 230711s9999||||xx |||||||||||||| ||und||
041 _aENG
082 _a530
_bTR-U
100 _aTripathi,B.B
245 0 _aUniversity Physics
250 _a1st Ed.
260 _c1982
_aNew Delhi
_bNarosa Publishing House
650 _aPhysics
942 _cBK
999 _c513
_d513